000 006050000a22001810004500
003 MACL
005 20160527121347.0
008 160527b xxu||||| |||| 00| 0 eng d
040 _aMACL
_cMACL
041 _aHindi
082 _a891.433 GAN
100 _aगंगोपाध्‍याय, सुनील
_957134
245 _aसप्‍तम अभियान
_cसुनील गंगोपाध्‍याय
260 _bकिताबघर प्रकाशन
_c1994
_aनई दिल्‍ली
350 _a60
650 _aNovel
_960058
942 _cHIN
_k891.433/GAN/N
_2ddc
999 _c21002
_d21002